Australia A-Z - Statistics

General Stats
  • This quiz has been taken 744 times
  • The average score is 20 of 26
Answer Stats
clue Aussie answer % Correct
B throw this correctly and it will return to you boomerang
97%
E ostrich-like bird emu
97%
K large jumping mammal kangaroo
95%
R Great Barrier Reef
95%
M buddy; friend mate
92%
H Tasmania's capital Hobart
91%
U most famous rock Uluru
91%
V NSW's southern neighbor Victoria
90%
N largest territory {Northern} Territory
89%
Q national airline Qantas
89%
G hello g'day
88%
A most famous rock Ayers
87%
P duck-billed mammal platypus
87%
D Aboriginal instrument didgeridoo
83%
Z a state, according to the constitution New {Zealand}
83%
W song about a jolly swagman {Waltzing} Matilda
83%
O the dry hinterland Outback
81%
T flip-flops; jandals thongs
75%
C largest stadium: Melbourne ___ Ground Cricket
74%
Y northernmost mainland point Cape {York}
66%
S ranch (Australia's largest is bigger than Israel) station
53%
I Queensland mining city Mount {Isa}
52%
X leading Queensland beer XXXX
51%
F Perth's port Fremantle
45%
J cowboy jackaroo
31%
L Australia, The... {Lucky} Country
28%
No matching quizzes found
Score Distribution
Percent of People with Each Score
Percentile by Number Answered
Your Score History
You have not taken this quiz